000 00231nam a2200097Ia 4500
008 240331s9999 xx 000 0 und d
082 _bPAN
100 _aPanchangam, K
245 0 _aPenn mozhi punaivu :
_bessays on feminism
942 _cL
999 _c1684
_d1684